000 01097caa a2200229 ib4500
003 SA-RiAUC
005 20251230065402.0
008 251229s2006 su g o f000f0 ara c
040 _aSA-JeALM
_bara
_cSA-RiAUC
_erda
043 _aa-su---
082 0 4 _a922.117
090 _a922.117
_bا ب ن ح
100 1 _aابن حميد، صالح بن عبدالله
_eمؤلف.
245 1 2 _aالإبداع والتحديث في فكر سماحة الشيخ عبد الله بن محمد بن حميد /
_bمع نماذج تطبيقية لفتاواه
_cصالح بن عبدالله بن حميد
300 _a29 صفحة :
_c20 سم .
336 _aنص
_btxt
_2rdacontent
_3مقالة
337 _aبدون وسيط
_bn
_2rdamedia
600 1 7 _aابن حميد، عبد الله بن محمد بن عبد العزيز،
_d1329-1402 هجري
_vمقالات ومحاضرات
_xفلسفة
_2aucnm
650 7 _aالمصلحون السعوديون
_vمراجعات الكتب
_vمقالات ومحاضرات
_xحياة فكرية
_2aucsh
942 _2ddc
_cBOOK
_n0
949 _aSA-JeALM
_d251229
_uosman123
_n1
999 _c13808
_d13808